[Event "Paris BNP-Paribas blitz"]
[Site "Paris"]
[Date "2015.06.14"]
[Round "11"]
[White "Dutreuil, Raphael"]
[Black "Nguyen, Emilien"]
[Result "0-1"]
[WhiteElo "2130"]
[BlackElo "2163"]
[PlyCount "66"]
[EventDate "2015.06.12"]
[EventType "swiss (blitz)"]
[EventRounds "15"]
[EventCountry "FRA"]
[SourceTitle "CBM 167 Extra"]
[Source "ChessBase"]
[SourceDate "2015.09.14"]
[SourceVersion "1"]
[SourceVersionDate "2015.09.14"]
[SourceQuality "1"]

1. d4 d5 2. c4 dxc4 3. e4 b5 4. a4 c6 5. Nc3 a6 6. axb5 cxb5 7. d5 Bb7 8. Nf3 e6 9. dxe6 Qxd1+ 10. Kxd1 fxe6 11. Ng5 Ke7 12. b3 cxb3 13. Ba3+ Ke8 14. Bxf8 Kxf8 15. Nxe6+ Ke7 16. Nc5 Bc6 17. Nxb3 Nf6 18. Bd3 Nbd7 19. f3 Ne5 20. Ke2 Rhd8 21. Rhd1 b4 22. Na4 Nxd3 23. Rxd3 Bb5 24. Nac5 Nd7 25. Ke3 Nxc5 26. Nxc5 Bxd3 27. Nxd3 a5 28. Ne5 Rdc8 29. Kd4 a4 30. Nc4 Ra6 31. Rb1 a3 32. Nd2 Rd6+ 33. Ke3 Rc3+ 0-1

[Event "FRA-ch U18"]
[Site "Montbeliard"]
[Date "2014.04.22"]
[Round "4"]
[White "Nguyen, Emilien"]
[Black "Kambrath, Yannick"]
[Result "1/2-1/2"]
[WhiteElo "2158"]
[BlackElo "2263"]
[PlyCount "123"]
[EventDate "2014.04.21"]
[EventType "swiss"]
[EventRounds "9"]
[EventCountry "FRA"]
[SourceTitle "CBM 160 Extra"]
[Source "ChessBase"]
[SourceDate "2014.07.01"]
[SourceVersion "1"]
[SourceVersionDate "2014.07.01"]
[SourceQuality "1"]

1. d4 Nf6 2. c4 g6 3. Nc3 Bg7 4. e4 d6 5. Nf3 0-0 6. Be2 e5 7. d5 a5 8. Bg5 h6 9. Bh4 Na6 10. 0-0 Qe8 11. a3 Nh7 12. Nd2 h5 13. f3 Bh6 14. Bf2 Bd7 15. b3 Qe7 16. Re1 h4 17. Bf1 Kg7 18. Rb1 Bf4 19. Ne2 Bg5 20. b4 axb4 21. axb4 Nf6 22. Nc3 Nh5 23. Nb3 Bf4 24. b5 Nb8 25. Ne2 Qg5 26. Nxf4 Nxf4 27. Be3 f5 28. Bxf4 Qxf4 29. c5 fxe4 30. Rxe4 Qg5 31. Qc1 Qxc1 32. Rxc1 Ra3 33. cxd6 cxd6 34. Nd2 Ra2 35. Nc4 Bxb5 36. Nxd6 Bxf1 37. Rxf1 h3 38. gxh3 Rd8 39. Nc4 Rxd5 40. Nxe5 Nc6 41. Ng4 Rdd2 42. Rc4 Rg2+ 43. Kh1 Rgc2 44. Rxc2 Rxc2 45. Rb1 Nd8 46. Rb5 Kf7 47. Ne5+ Kf6 48. Nd7+ Kg7 49. Nc5 b6 50. Nd7 Ne6 51. Rxb6 Nf4 52. Rb1 Nxh3 53. Ne5 Kf6 54. Ng4+ Kg5 55. Ne3 Re2 56. Ng2 Rf2 57. f4+ Kg4 58. Re1 Ra2 59. Rf1 Nf2+ 60. Kg1 Nh3+ 61. Kh1 Nf2+ 62. Kg1 1/2-1/2